15 Entreprises les plus Grandes de leur Pays - Statistiques

Statistiques générales
  • Ce quiz a été pris 1 056 fois
  • Le résultat moyen est 9 sur 15
Statistiques - réponses
Hint Réponse % Correct
China Mobile Chine
98%
Amazon Etats Unis
96%
Volkswagen Allemagne
95%
Louis Vuitton France
95%
Royal Bank of Canada Canada
94%
Walmart de México Mexique
92%
Saudi Electricity Arabie Saoudite
88%
Gazprom Russie
67%
Tata Consultancy Services Inde
51%
Royal Dutch Shell Royaume Uni
42%
Petrobras Brésil
29%
ENI Italie
25%
Galp Portugal
23%
BHP Group Australie
22%
Inditex Espagne
21%
Aucun quiz correspondant
Distribution des résultats
% des personnes avec chaque résultat
Percentile par nombre de réponses
Votre historique - résultats
Vous n’avez pas pris ce quiz